000 00514nam a2200157 i 4500
001 52972
003 ES-MaACL
005 20230906162658.0
007 t|
008 031001s1884 sp ||||1| spa d
100 1 _aDonadiu y Puignau, Delfín.
_945273
245 1 0 _aAmpliación de la psicología y nociones de ontología, cosmología y teodicea /
_cpor el Dr. Delfín Donadiu y Puignau.
260 _aBarcelona :
_b[s.n.],
_c1884 (
_fImp. Subirana)
300 _aXVI, 750 p. ;
_c22 cm.
852 _aES-MaACL
_jC-3448
999 _c52972
_d52972